Most and Least Diverse US States - Statistics

General Stats
  • This quiz has been taken 27 times
  • The average score is 18 of 20
Answer Stats
Standard Deviation State % Correct
14.2 California
100%
20.2 Florida
100%
29.9 Idaho
100%
18.6 New York
100%
30.1 North Dakota
100%
17.1 Texas
100%
19.4 Georgia
96%
13.6 Hawaii
96%
31.0 Wyoming
96%
30.8 Iowa
88%
29.9 Kentucky
88%
33.5 Maine
88%
30.9 Montana
88%
17.1 Nevada
88%
18.6 New Jersey
88%
33.2 Vermont
88%
33.1 West Virginia
88%
32.5 New Hampshire
83%
17.6 New Mexico
83%
17.9 Maryland
79%
No matching quizzes found
Score Distribution
Percent of People with Each Score
Percentile by Number Answered
Your Score History
You have not taken this quiz